|
|
|
|
| LEADER |
00627cam a2200193 a 4500 |
| 001 |
0000039071 |
| 005 |
19990506090000.0 |
| 040 |
|
|
|a mod
|
| 041 |
|
|
|a eng
|
| 020 |
0 |
0 |
|a 0813308127
|
| 090 |
0 |
0 |
|a 327.7308
|b MOL
|
| 100 |
1 |
0 |
|a MOLINEU
|h Harold
|
| 245 |
1 |
0 |
|a United States policy toward Latin America
|b from regionalism to globalism
|c Harold Molineu
|
| 260 |
0 |
0 |
|a Boulder
|b Westview Press
|c 1990
|
| 300 |
0 |
0 |
|a xiii, 274p.
|c 24cm
|
| 651 |
0 |
0 |
|a United States
|x Foreign relations
|z South America
|
| 651 |
0 |
0 |
|a South America
|x Foreign relation
|z United States
|
| 852 |
0 |
0 |
|a 01
|
| 999 |
|
|
|a 0114948
|b KEMENTAH
|d BOOKS
|e Rujukan
|f Perpustakaan KEMENTAH
|j AVAILABLE
|q OLD
|